[Event "LSS No Engine Cup 110 Preliminary 4"]
[Site "LSS email"]
[Date "2014.05.16"]
[Round "?"]
[White "Senis, Enrico"]
[Black "Ilkow, Zbigniew"]
[Result "1-0"]
[WhiteElo "1074"]
[BlackElo "570"]
[PlyCount "41"]
[EventDate "2014.05.17"]
[EventType "tourn (corr)"]
[EventRounds "6"]
[EventCountry "GER"]
[SourceTitle "Corr 2015"]
[Source "ChessBase"]
[SourceDate "2015.07.17"]
[SourceVersion "1"]
[SourceVersionDate "2015.07.17"]
[SourceQuality "1"]

1. d4 e6 2. Nf3 Nf6 3. Nc3 d5 4. Bg5 Be7 5. e3 h6 6. Bh4 Nc6 7. Bb5 Bd7 8. 0-0 a6 9. Ba4 b5 10. Bb3 0-0 11. a3 Bd6 12. Qe2 g5 13. Bg3 Bxg3 14. fxg3 Na5 15. Ba2 Nc6 16. b4 Ne7 17. Ne5 Nc6 18. Nxd7 Qxd7 19. Rxf6 Qe7 20. Rxh6 Kg7 21. Qh5 1-0

[Event "LSS No Engine Cup 109 Preliminary 5"]
[Site "LSS email"]
[Date "2014.04.26"]
[Round "?"]
[White "Garcia, Javier N"]
[Black "Ilkow, Zbigniew"]
[Result "1-0"]
[WhiteElo "749"]
[BlackElo "570"]
[PlyCount "47"]
[EventDate "2014.04.27"]
[EventType "tourn (corr)"]
[EventRounds "6"]
[EventCountry "GER"]
[SourceTitle "Corr 2015"]
[Source "ChessBase"]
[SourceDate "2015.07.17"]
[SourceVersion "1"]
[SourceVersionDate "2015.07.17"]
[SourceQuality "1"]

1. d4 d6 2. e4 e6 3. Nf3 Nf6 4. Nc3 Be7 5. Bd3 Nc6 6. e5 dxe5 7. dxe5 Nd5 8. Nxd5 Qxd5 9. 0-0 0-0 10. c4 Qd8 11. Qc2 g6 12. Bh6 Re8 13. Rad1 Bf8 14. Bxf8 Rxf8 15. Bxg6 Qe7 16. Bxh7+ Kh8 17. Nd4 Nb4 18. Qe4 Qg5 19. f4 Qg7 20. Rf3 f5 21. Bxf5 exf5 22. Rh3+ Kg8 23. Qe1 c5 24. Rg3 1-0

[Event "LSS No Engine Cup 109 Preliminary 5"]
[Site "LSS email"]
[Date "2014.04.26"]
[Round "?"]
[White "Linart, Ludvik"]
[Black "Ilkow, Zbigniew"]
[Result "1-0"]
[WhiteElo "922"]
[BlackElo "570"]
[PlyCount "31"]
[EventDate "2014.04.27"]
[EventType "tourn (corr)"]
[EventRounds "6"]
[EventCountry "GER"]
[SourceTitle "Corr 2015"]
[Source "ChessBase"]
[SourceDate "2015.07.17"]
[SourceVersion "1"]
[SourceVersionDate "2015.07.17"]
[SourceQuality "1"]

1. d4 d6 2. c4 Nf6 3. Nc3 e6 4. e4 a6 5. Bd3 Be7 6. Nf3 h6 7. 0-0 0-0 8. b4 c6 9. e5 dxe5 10. Nxe5 Nbd7 11. Bf4 g5 12. Bg3 b5 13. Nxc6 Qe8 14. cxb5 axb5 15. Nxb5 Bd8 16. Nd6 1-0

[Event "LSS No Engine Cup 109 Preliminary 5"]
[Site "LSS email"]
[Date "2014.04.26"]
[Round "?"]
[White "Weiss, Lester P"]
[Black "Ilkow, Zbigniew"]
[Result "1-0"]
[WhiteElo "1931"]
[BlackElo "570"]
[PlyCount "41"]
[EventDate "2014.04.27"]
[EventType "tourn (corr)"]
[EventRounds "6"]
[EventCountry "GER"]
[SourceTitle "Corr 2015"]
[Source "ChessBase"]
[SourceDate "2015.07.17"]
[SourceVersion "1"]
[SourceVersionDate "2015.07.17"]
[SourceQuality "1"]

1. e4 c5 2. Nf3 d6 3. d4 cxd4 4. Nxd4 e5 5. Bb5+ Bd7 6. Bxd7+ Qxd7 7. Nf3 Nc6 8. 0-0 Nf6 9. Nc3 Be7 10. Qd3 Nb4 11. Qe2 0-0 12. Rd1 a6 13. Nxe5 Qe6 14. Nf3 b5 15. Nd4 Qc4 16. Qxc4 bxc4 17. a3 Nxc2 18. Nxc2 a5 19. Ne3 h6 20. Nxc4 Rfc8 21. Nb6 1-0

[Event "LSS No Engine Cup 107 Preliminary 1"]
[Site "LSS email"]
[Date "2014.03.23"]
[Round "?"]
[White "Miquel Badenes, Jose"]
[Black "Ilkow, Zbigniew"]
[Result "1-0"]
[WhiteElo "1090"]
[BlackElo "570"]
[PlyCount "95"]
[EventDate "2014.03.24"]
[EventType "tourn (corr)"]
[EventRounds "6"]
[EventCountry "GER"]
[SourceTitle "Corr 2015"]
[Source "ChessBase"]
[SourceDate "2015.07.17"]
[SourceVersion "1"]
[SourceVersionDate "2015.07.17"]
[SourceQuality "1"]

1. d4 d6 2. Nf3 e6 3. Bg5 Be7 4. Bxe7 Qxe7 5. e4 d5 6. e5 Nc6 7. Bd3 Nb4 8. c3 Nxd3+ 9. Qxd3 f6 10. Nbd2 Bd7 11. exf6 Qxf6 12. Ne5 Rd8 13. Ndf3 Ne7 14. h3 h6 15. Ng4 Qf5 16. Qe2 a6 17. Ne3 Qf7 18. Ne5 Qg8 19. Qh5+ g6 20. Qf3 Qf8 21. Qxf8+ Rxf8 22. N3g4 h5 23. Ne3 Nf5 24. Kd2 Nxe3 25. Kxe3 Rf6 26. a4 c6 27. f4 a5 28. g3 Ke7 29. g4 hxg4 30. hxg4 Be8 31. Rh7+ Bf7 32. g5 Rf5 33. Nxg6+ Ke8 34. Rh8+ Kd7 35. Rxd8+ Kxd8 36. Ne5 Ke7 37. Rh1 Be8 38. Rh7+ Kd8 39. g6 Rf8 40. Rxb7 Rg8 41. g7 Kc8 42. Ra7 Kb8 43. Re7 Bh5 44. Nxc6+ Kc8 45. Nxa5 Kd8 46. Nc6+ Kc8 47. b4 Bf7 48. Rxf7 1-0

[Event "LSS No Engine Cup 103 Preliminary 0"]
[Site "LSS email"]
[Date "2014.01.21"]
[Round "?"]
[White "Basson, Heinrich"]
[Black "Ilkow, Zbigniew"]
[Result "1-0"]
[WhiteElo "1684"]
[BlackElo "1189"]
[PlyCount "41"]
[EventDate "2014.01.22"]
[EventType "tourn (corr)"]
[EventRounds "6"]
[EventCountry "GER"]
[SourceTitle "Corr 2022"]
[Source "ChessBase"]
[SourceDate "2021.10.24"]
[SourceVersion "1"]
[SourceVersionDate "2021.10.24"]
[SourceQuality "1"]

1. d4 e6 2. c4 d5 3. Nc3 Bb4 4. Qb3 Nc6 5. e3 Nf6 6. a3 Na5 7. Qxb4 Nc6 8. Qb3 0-0 9. Nf3 dxc4 10. Qxc4 a6 11. Bd3 Na5 12. Qa2 b5 13. b4 Nc6 14. 0-0 Bb7 15. Qc2 Re8 16. Ne5 Nd5 17. Bxh7+ Kf8 18. Be4 f5 19. Bxd5 exd5 20. Qxf5+ Qf6 21. Nd7+ 1-0

[Event "LSS No Engine Cup 102 Preliminary 4"]
[Site "LSS email"]
[Date "2014.01.09"]
[Round "?"]
[White "Ilkow, Zbigniew"]
[Black "Korinek, Jaroslav"]
[Result "0-1"]
[WhiteElo "591"]
[BlackElo "1643"]
[PlyCount "48"]
[EventDate "2014.01.10"]
[EventType "tourn (corr)"]
[EventRounds "6"]
[EventCountry "GER"]
[SourceTitle "Telechess CBM 167"]
[Source "ChessBase"]
[SourceDate "2015.07.13"]
[SourceVersion "1"]
[SourceVersionDate "2015.07.13"]
[SourceQuality "1"]

1. e4 e5 2. Nf3 Nc6 3. Bc4 Bc5 4. 0-0 Nf6 5. Nc3 d6 6. Nd5 0-0 7. Bb5 Nxe4 8. d3 Nxf2 9. Rxf2 Bxf2+ 10. Kxf2 Bg4 11. c3 Be6 12. Bc4 Na5 13. b3 Bxd5 14. Bxd5 c6 15. b4 cxd5 16. bxa5 Qxa5 17. Bd2 Rac8 18. c4 Qb6+ 19. Kf1 dxc4 20. Bc3 cxd3 21. Qxd3 e4 22. Qxe4 Rxc3 23. Rb1 d5 24. Qb4 Rc1+ 0-1

[Event "SN-2013-0-00561"]
[Site "LSS email"]
[Date "2013.12.20"]
[Round "?"]
[White "Ilkow, Zbigniew"]
[Black "Fridich, Vaclav Sr"]
[Result "0-1"]
[WhiteElo "591"]
[BlackElo "958"]
[PlyCount "88"]
[EventDate "2013.12.11"]
[EventType "tourn (corr)"]
[EventRounds "6"]
[EventCountry "GER"]
[SourceTitle "Telechess CBM 167"]
[Source "ChessBase"]
[SourceDate "2015.07.13"]
[SourceVersion "1"]
[SourceVersionDate "2015.07.13"]
[SourceQuality "1"]

1. e4 d5 2. exd5 Nf6 3. Nc3 Nxd5 4. Nxd5 Qxd5 5. Nf3 e5 6. d4 Bg4 7. h3 Bh5 8. Be2 e4 9. Ne5 Bxe2 10. Qxe2 Bd6 11. 0-0 f6 12. Nc4 Qxd4 13. Nxd6+ Qxd6 14. Qxe4+ Kf7 15. Qxb7 Qc6 16. Qxc6 Nxc6 17. Bf4 Rac8 18. c4 Rhd8 19. b3 Nd4 20. Rfd1 Ne2+ 21. Kh2 Nxf4 22. Re1 Rd2 23. Kg3 g5 24. h4 h6 25. hxg5 hxg5 26. a3 f5 27. Re3 Ne2+ 28. Kh2 g4 29. Re1 Re8 30. Rxe8 Kxe8 31. g3 Kf7 32. c5 Nd4 33. Kg2 a5 34. b4 a4 35. Re5 Re2 36. Rd5 Re4 37. Rd7+ Ke6 38. Rxc7 Nb5 39. Rc6+ Kd5 40. Ra6 Nxa3 41. Rxa4 Nc2 42. Ra5 Re2 43. c6+ Kxc6 44. Rxf5 Ne3+ 0-1

[Event "SN-2013-0-00561"]
[Site "LSS email"]
[Date "2013.12.19"]
[Round "?"]
[White "Sagi, Raju"]
[Black "Ilkow, Zbigniew"]
[Result "0-1"]
[WhiteElo "473"]
[BlackElo "591"]
[PlyCount "98"]
[EventDate "2013.12.11"]
[EventType "tourn (corr)"]
[EventRounds "6"]
[EventCountry "GER"]
[SourceTitle "Telechess CBM 167"]
[Source "ChessBase"]
[SourceDate "2015.07.13"]
[SourceVersion "1"]
[SourceVersionDate "2015.07.13"]
[SourceQuality "1"]

1. d4 e6 2. e3 Nf6 3. Nf3 Nc6 4. Nc3 Bb4 5. Bd2 d5 6. g3 0-0 7. Bg2 h6 8. 0-0 a5 9. a3 Bxc3 10. Bxc3 b5 11. Qd3 Ba6 12. Qd1 Ne4 13. Ne5 Nxc3 14. bxc3 Nxe5 15. dxe5 c6 16. e4 dxe4 17. Bxe4 Qxd1 18. Raxd1 Bb7 19. Rd7 Bc8 20. Rd6 Bb7 21. Bxc6 Bxc6 22. Rxc6 Rfc8 23. Rd6 Rxc3 24. Rc1 Rxa3 25. c4 bxc4 26. Rxc4 Rb8 27. Rf4 a4 28. Rd7 Ra1+ 29. Kg2 a3 30. Rdxf7 a2 31. Ra7 Rb2 32. Rfa4 Kh7 33. Rf7 Rab1 34. Raa7 Kg6 35. Rxg7+ Kf5 36. Raf7+ Kxe5 37. Rg6 a1Q 38. Rff6 Qa8+ 39. Rf3 Rh1 40. Rxh6 Rbb1 41. Rh4 Kd6 42. Rhf4 Rbg1+ 43. Kh3 e5 44. Rf5 Qh8+ 45. Kg4 Qxh2 46. Rf6+ Kd5 47. Rd3+ Kc4 48. Ra3 Qh3+ 49. Kg5 Qh5# 0-1

[Event "LSS No Engine Cup 98 Preliminary 4"]
[Site "LSS email"]
[Date "2013.11.20"]
[Round "?"]
[White "Boni, Roberto"]
[Black "Ilkow, Zbigniew"]
[Result "1-0"]
[WhiteElo "1569"]
[BlackElo "573"]
[PlyCount "51"]
[EventDate "2013.11.21"]
[EventType "tourn (corr)"]
[EventRounds "6"]
[EventCountry "GER"]
[SourceTitle "Telechess CBM 167"]
[Source "ChessBase"]
[SourceDate "2015.07.13"]
[SourceVersion "1"]
[SourceVersionDate "2015.07.13"]
[SourceQuality "1"]

1. Nf3 Nc6 2. d4 d5 3. c4 dxc4 4. Nc3 Nf6 5. e4 e6 6. Bxc4 Be7 7. 0-0 0-0 8. Bg5 h6 9. Bh4 a6 10. a3 b5 11. Ba2 Na5 12. d5 exd5 13. e5 Nh7 14. Bxe7 Qxe7 15. Nxd5 Qc5 16. Rc1 Qxc1 17. Qxc1 c6 18. Ne7+ Kh8 19. Nxc6 Nxc6 20. Qxc6 Bg4 21. Bxf7 Rfc8 22. Qe4 Rf8 23. e6 Nf6 24. Qe5 Rfc8 25. Nh4 Ra7 26. f3 1-0

[Event "LSS No Engine Cup 98 Preliminary 4"]
[Site "LSS email"]
[Date "2013.11.20"]
[Round "?"]
[White "Lonyuk, Bohdan"]
[Black "Ilkow, Zbigniew"]
[Result "1-0"]
[WhiteElo "1223"]
[BlackElo "573"]
[PlyCount "69"]
[EventDate "2013.11.21"]
[EventType "tourn (corr)"]
[EventRounds "6"]
[EventCountry "GER"]
[SourceTitle "Telechess CBM 167"]
[Source "ChessBase"]
[SourceDate "2015.07.13"]
[SourceVersion "1"]
[SourceVersionDate "2015.07.13"]
[SourceQuality "1"]

1. e4 c5 2. f4 d6 3. Nc3 Nf6 4. Nf3 e6 5. Bb5+ Bd7 6. Bxd7+ Qxd7 7. d3 Be7 8. 0-0 0-0 9. h3 Nc6 10. Be3 b6 11. Ne2 a5 12. a4 e5 13. f5 h6 14. g4 Nh7 15. Nc3 Nd4 16. Nd5 Nxf3+ 17. Qxf3 f6 18. Nxb6 Qb7 19. Nxa8 Rxa8 20. Rab1 Qb4 21. b3 Ng5 22. Qg3 Rc8 23. Kg2 Rc6 24. h4 Nxe4 25. dxe4 Qxe4+ 26. Qf3 Qxf3+ 27. Kxf3 d5 28. c3 c4 29. Rfd1 e4+ 30. Ke2 Bc5 31. Rxd5 Bxe3 32. Kxe3 Ra6 33. bxc4 Rc6 34. c5 Kh7 35. Kxe4 1-0

[Event "RN-2013-0-00725"]
[Site "LSS email"]
[Date "2013.11.12"]
[Round "?"]
[White "Ilkow, Zbigniew"]
[Black "Fridich, Vaclav Sr"]
[Result "0-1"]
[WhiteElo "612"]
[BlackElo "968"]
[PlyCount "60"]
[EventDate "2013.11.04"]
[EventType "tourn (corr)"]
[EventRounds "6"]
[EventCountry "GER"]
[SourceTitle "Telechess CBM 167"]
[Source "ChessBase"]
[SourceDate "2015.07.13"]
[SourceVersion "1"]
[SourceVersionDate "2015.07.13"]
[SourceQuality "1"]

1. e4 c5 2. d4 cxd4 3. Qxd4 Nc6 4. Qd1 e5 5. Nf3 d6 6. Bc4 Be7 7. Nc3 Nf6 8. Be3 Bg4 9. Be2 0-0 10. 0-0 a6 11. Nd5 Nxe4 12. h3 Be6 13. Bb6 Qd7 14. a3 Nf6 15. Nxe7+ Qxe7 16. Ng5 Nd4 17. c3 Nxe2+ 18. Qxe2 Nd7 19. Nxe6 Qxe6 20. Be3 f5 21. Rfe1 f4 22. Bd2 Rf6 23. f3 Rg6 24. Qe4 Nc5 25. Qc2 Nb3 26. Rad1 Nxd2 27. Qxd2 Qxh3 28. Re2 Qxf3 29. Rf2 Qc6 30. Rf3 Qxf3 0-1

[Event "RN-2013-0-00725"]
[Site "LSS email"]
[Date "2013.11.12"]
[Round "?"]
[White "Kramskoi, Vasyl"]
[Black "Ilkow, Zbigniew"]
[Result "1-0"]
[WhiteElo "998"]
[BlackElo "612"]
[PlyCount "91"]
[EventDate "2013.11.04"]
[EventType "tourn (corr)"]
[EventRounds "6"]
[EventCountry "GER"]
[SourceTitle "Telechess CBM 167"]
[Source "ChessBase"]
[SourceDate "2015.07.13"]
[SourceVersion "1"]
[SourceVersionDate "2015.07.13"]
[SourceQuality "1"]

1. d4 e6 2. c4 d6 3. e4 e5 4. dxe5 dxe5 5. Qxd8+ Kxd8 6. a3 Nf6 7. Nc3 Bc5 8. Bg5 Be7 9. Nf3 h6 10. Nxe5 Ke8 11. Bh4 g5 12. Bg3 Be6 13. Nb5 Bd8 14. Be2 a6 15. Nd4 Ke7 16. 0-0 Nxe4 17. Bf3 Nxg3 18. fxg3 c6 19. Rae1 Nd7 20. Nxe6 Nxe5 21. Nxd8 Kxd8 22. Rxe5 f6 23. Rd1+ Kc7 24. Re6 f5 25. Rf6 g4 26. Be2 Rae8 27. Kf2 Re5 28. Rd2 h5 29. h3 Kb8 30. b4 Ka7 31. a4 h4 32. gxh4 Rg8 33. hxg4 fxg4 34. g3 Re4 35. b5 axb5 36. axb5 cxb5 37. cxb5 Rb4 38. h5 Rh8 39. h6 Re4 40. Rg6 Re5 41. b6+ Kb8 42. Bxg4 Re7 43. Rd7 Rf8+ 44. Kg2 Ree8 45. h7 Rh8 46. Rdg7 1-0

[Event "RN-2013-0-00725"]
[Site "LSS email"]
[Date "2013.11.12"]
[Round "?"]
[White "Meyer, Frank"]
[Black "Ilkow, Zbigniew"]
[Result "1-0"]
[WhiteElo "955"]
[BlackElo "612"]
[PlyCount "61"]
[EventDate "2013.11.04"]
[EventType "tourn (corr)"]
[EventRounds "6"]
[EventCountry "GER"]
[SourceTitle "Telechess CBM 167"]
[Source "ChessBase"]
[SourceDate "2015.07.13"]
[SourceVersion "1"]
[SourceVersionDate "2015.07.13"]
[SourceQuality "1"]

1. d4 e6 2. c4 d6 3. Nf3 h6 4. Nc3 Nf6 5. e3 Nc6 6. Be2 Be7 7. 0-0 0-0 8. a3 a6 9. b4 Na7 10. c5 dxc5 11. dxc5 Qxd1 12. Rxd1 c6 13. Bb2 Nd5 14. Nxd5 cxd5 15. Ne5 Bf6 16. Rab1 Nc6 17. Nxc6 bxc6 18. Bxf6 gxf6 19. Rd4 e5 20. Rh4 Kg7 21. g3 e4 22. f3 Re8 23. fxe4 Rxe4 24. Rxe4 dxe4 25. Rd1 Bb7 26. Rd7 Bc8 27. Rc7 Be6 28. Rxc6 Bd5 29. Rxa6 Rb8 30. b5 Bb7 31. Rb6 1-0

[Event "OP-2013-0-03109"]
[Site "LSS email"]
[Date "2013.11.10"]
[Round "?"]
[White "Ilkow, Zbigniew"]
[Black "Linart, Ludvik"]
[Result "0-1"]
[WhiteElo "597"]
[BlackElo "904"]
[PlyCount "162"]
[EventDate "2013.11.05"]
[EventType "tourn (corr)"]
[EventRounds "4"]
[EventCountry "GER"]
[SourceTitle "Telechess CBM 167"]
[Source "ChessBase"]
[SourceDate "2015.07.13"]
[SourceVersion "1"]
[SourceVersionDate "2015.07.13"]
[SourceQuality "1"]

1. e4 e5 2. Nf3 Nc6 3. Bc4 Nf6 4. Nc3 Bb4 5. a3 Be7 6. 0-0 0-0 7. d3 d6 8. Bg5 Bg4 9. h3 Bh5 10. g4 Bg6 11. Nh4 d5 12. exd5 Nd4 13. Nb5 Nxb5 14. Bxb5 Nxd5 15. Bxe7 Nxe7 16. Re1 Qd6 17. f3 Qf6 18. Nxg6 fxg6 19. Re4 c6 20. Bc4+ Kh8 21. Re3 Rad8 22. Kg2 b5 23. Bb3 a5 24. Qe2 a4 25. Ba2 e4 26. dxe4 Qxb2 27. Qe1 Qxc2+ 28. Re2 Qd3 29. Re3 Qd6 30. Bb1 g5 31. e5 Qd2+ 32. Qxd2 Rxd2+ 33. Kf1 Nd5 34. Rd3 Rh2 35. Ba2 Rxh3 36. Bxd5 cxd5 37. Kg2 Rh6 38. Rxd5 Rb6 39. Rb1 b4 40. axb4 a3 41. Ra5 Rfb8 42. Rxa3 h6 43. Ra4 Rb5 44. Re1 Rxb4 45. Ra5 Re8 46. Kg3 Rb7 47. Ra6 Rbe7 48. f4 gxf4+ 49. Kxf4 Kh7 50. g5 h5 51. g6+ Kh6 52. Re4 h4 53. Kg4 Rxe5 54. Rxe5 Rxe5 55. Kxh4 Rh5+ 56. Kg4 Rg5+ 57. Kh4 Rc5 58. Re6 Rc4+ 59. Kh3 Kg5 60. Kg3 Kf5 61. Rb6 Rg4+ 62. Kh3 Rg1 63. Kh2 Rxg6 64. Rb5+ Kg4 65. Rb4+ Kh5 66. Rb5+ Kh4 67. Rb4+ Rg4 68. Rb3 g6 69. Rf3 Rc4 70. Rh3+ Kg4 71. Rg3+ Kf5 72. Rf3+ Rf4 73. Ra3 g5 74. Ra5+ Kg4 75. Kg2 Rb4 76. Ra2 Kh4 77. Ra3 Rb2+ 78. Kh1 g4 79. Ra4 Kh3 80. Ra3+ g3 81. Kg1 Rb1# 0-1

[Event "RN-2013-0-00724"]
[Site "LSS email"]
[Date "2013.11.09"]
[Round "?"]
[White "Ilkow, Zbigniew"]
[Black "Venturas, Bob"]
[Result "0-1"]
[WhiteElo "813"]
[BlackElo "717"]
[PlyCount "26"]
[EventDate "2013.11.02"]
[EventType "tourn (corr)"]
[EventRounds "6"]
[EventCountry "GER"]
[SourceTitle "Corr 2022"]
[Source "ChessBase"]
[SourceDate "2021.10.24"]
[SourceVersion "1"]
[SourceVersionDate "2021.10.24"]
[SourceQuality "1"]

1. e4 e5 2. Nf3 d6 3. d4 c6 4. dxe5 Bg4 5. Be2 Nd7 6. exd6 Bxf3 7. Bxf3 Ne5 8. Nc3 Bxd6 9. 0-0 Nf6 10. Bg5 h6 11. Bxf6 Qxf6 12. a3 Qf4 13. Ne2 Nxf3+ 0-1

[Event "OP-2013-0-03109"]
[Site "LSS email"]
[Date "2013.11.09"]
[Round "?"]
[White "Lenz, Juergen"]
[Black "Ilkow, Zbigniew"]
[Result "1-0"]
[WhiteElo "1003"]
[BlackElo "597"]
[PlyCount "53"]
[EventDate "2013.11.05"]
[EventType "tourn (corr)"]
[EventRounds "4"]
[EventCountry "GER"]
[SourceTitle "Telechess CBM 167"]
[Source "ChessBase"]
[SourceDate "2015.07.13"]
[SourceVersion "1"]
[SourceVersionDate "2015.07.13"]
[SourceQuality "1"]

1. d4 e6 2. Bf4 Nf6 3. e3 d5 4. Nf3 h6 5. h3 Nc6 6. c4 dxc4 7. Bxc4 Bb4+ 8. Nc3 Bxc3+ 9. bxc3 0-0 10. Rb1 Ne4 11. Qc2 Nf6 12. 0-0 a6 13. Be2 b5 14. a4 Na7 15. axb5 axb5 16. Bxb5 c6 17. Bd3 Nd5 18. Bh2 Nf6 19. Ra1 Bd7 20. Ne5 Qe7 21. c4 c5 22. Ra6 Qe8 23. Rfa1 Rc8 24. Rxa7 cxd4 25. exd4 Qe7 26. c5 Rxc5 27. Qxc5 1-0

[Event "CP-2013-P-00021"]
[Site "LSS email"]
[Date "2013.09.30"]
[Round "?"]
[White "Ilkow, Zbigniew"]
[Black "Pely, Giora"]
[Result "0-1"]
[WhiteElo "591"]
[BlackElo "2143"]
[PlyCount "40"]
[EventDate "2013.10.01"]
[EventType "tourn (corr)"]
[EventRounds "6"]
[EventCountry "GER"]
[SourceTitle "Telechess CBM 167"]
[Source "ChessBase"]
[SourceDate "2015.07.13"]
[SourceVersion "1"]
[SourceVersionDate "2015.07.13"]
[SourceQuality "1"]

1. e4 c5 2. Nf3 Nc6 3. d4 cxd4 4. Nxd4 Nf6 5. Nc3 e5 6. Nf3 Bb4 7. Bd2 Bxc3 8. bxc3 Nxe4 9. Bd3 d5 10. 0-0 Bg4 11. Be2 0-0 12. h3 Bh5 13. Bd3 Nxd2 14. Qxd2 e4 15. Bxe4 dxe4 16. Qxd8 Raxd8 17. Nh4 f5 18. g3 g5 19. Ng2 Ne5 20. Rab1 Nf3+ 0-1

[Event "CP-2013-P-00021"]
[Site "LSS email"]
[Date "2013.09.30"]
[Round "?"]
[White "Meyer, Frank"]
[Black "Ilkow, Zbigniew"]
[Result "1-0"]
[WhiteElo "553"]
[BlackElo "591"]
[PlyCount "57"]
[EventDate "2013.10.01"]
[EventType "tourn (corr)"]
[EventRounds "6"]
[EventCountry "GER"]
[SourceTitle "Telechess CBM 167"]
[Source "ChessBase"]
[SourceDate "2015.07.13"]
[SourceVersion "1"]
[SourceVersionDate "2015.07.13"]
[SourceQuality "1"]

1. d4 e6 2. c4 d6 3. Nf3 Nf6 4. Nc3 Nc6 5. Bg5 Be7 6. e3 h6 7. Bxf6 Bxf6 8. Be2 0-0 9. 0-0 a6 10. a4 a5 11. Rc1 d5 12. b3 dxc4 13. bxc4 b6 14. Nb5 Nb4 15. c5 c6 16. Nd6 bxc5 17. dxc5 Be7 18. e4 Bxd6 19. cxd6 Bd7 20. e5 f6 21. Qd4 Nd5 22. Bc4 Rb8 23. Bxd5 cxd5 24. Rfe1 Rb4 25. Qd3 Bxa4 26. Rc7 fxe5 27. Nxe5 Qxd6 28. Ra7 Rb3 29. Qg6 1-0

[Event "LSS No Engine Cup 94 Preliminary 0"]
[Site "LSS email"]
[Date "2013.09.08"]
[Round "?"]
[White "Fridich St, Vaclav"]
[Black "Ilkow, Zbigniew"]
[Result "1-0"]
[WhiteElo "1551"]
[BlackElo "1220"]
[PlyCount "161"]
[EventDate "2013.09.09"]
[EventType "tourn (corr)"]
[EventRounds "6"]
[EventCountry "GER"]
[SourceTitle "Corr 2022"]
[Source "ChessBase"]
[SourceDate "2021.10.24"]
[SourceVersion "1"]
[SourceVersionDate "2021.10.24"]
[SourceQuality "1"]

1. e4 c5 2. f4 d6 3. Nf3 e6 4. Bb5+ Bd7 5. Bxd7+ Qxd7 6. 0-0 Nf6 7. Re1 Nc6 8. Nc3 a6 9. d4 cxd4 10. Nxd4 Be7 11. e5 dxe5 12. Nxc6 Qxd1 13. Rxd1 bxc6 14. fxe5 Nd5 15. Ne2 Bc5+ 16. Kh1 0-0 17. g3 Nb4 18. c3 Nc2 19. Rb1 h6 20. b4 Ne3 21. Rd3 Ng4 22. Kg2 Nxe5 23. Rd1 Bb6 24. Bf4 Bc7 25. Nd4 g5 26. Bc1 Bb6 27. a4 a5 28. b5 Bxd4 29. cxd4 Nd7 30. Rd3 f5 31. h4 c5 32. hxg5 hxg5 33. Bxg5 Rac8 34. Rc1 e5 35. dxe5 Nxe5 36. Rdc3 c4 37. Bf4 Nd3 38. Ra1 Rf6 39. Kf3 Nxf4 40. Kxf4 Rc5 41. Rac1 Kf7 42. Rxc4 Rd5 43. Rc7+ Kg6 44. R1c4 Rd1 45. R7c6 Rf1+ 46. Ke3 Re1+ 47. Kf2 Ra1 48. Rxf6+ Kxf6 49. Kg2 Ra2+ 50. Kh3 Rb2 51. Rc6+ Ke7 52. b6 Kd7 53. Rc5 Rxb6 54. Rxf5 Rh6+ 55. Kg2 Ra6 56. g4 Ke6 57. Kg3 Ra8 58. Kh4 Rh8+ 59. Rh5 Ra8 60. Kg3 Kf6 61. Kf4 Kg6 62. Rf5 Ra7 63. g5 Ra6 64. Rb5 Ra8 65. Rb6+ Kg7 66. Kf5 Rf8+ 67. Ke4 Re8+ 68. Kd4 Rc8 69. Kd5 Rd8+ 70. Kc5 Rc8+ 71. Kb5 Ra8 72. Ra6 Rb8+ 73. Kxa5 Rb1 74. Rb6 Rg1 75. g6 Rg5+ 76. Ka6 Rg1 77. a5 Rf1 78. Ka7 Kh6 79. a6 Re1 80. Rc6 Re7+ 81. Kb6 1-0

[Event "LSS No Engine Cup 94 Preliminary 0"]
[Site "LSS email"]
[Date "2013.09.08"]
[Round "?"]
[White "Ilkow, Zbigniew"]
[Black "Glowinski, Daniel"]
[Result "0-1"]
[WhiteElo "1220"]
[BlackElo "1778"]
[PlyCount "30"]
[EventDate "2013.09.09"]
[EventType "tourn (corr)"]
[EventRounds "6"]
[EventCountry "GER"]
[SourceTitle "Corr 2022"]
[Source "ChessBase"]
[SourceDate "2021.10.24"]
[SourceVersion "1"]
[SourceVersionDate "2021.10.24"]
[SourceQuality "1"]

1. e4 c5 2. Bc4 e6 3. d4 cxd4 4. Qxd4 Nc6 5. Qd1 Nf6 6. Nc3 Bb4 7. Bd2 d5 8. exd5 exd5 9. Bb5 0-0 10. Nf3 Re8+ 11. Ne2 Bxd2+ 12. Qxd2 Ne4 13. Qc1 Qa5+ 14. c3 Qxb5 15. b3 Ng3 0-1

[Event "LSS No Engine Cup 94 Preliminary 0"]
[Site "LSS email"]
[Date "2013.09.08"]
[Round "?"]
[White "Ilkow, Zbigniew"]
[Black "Herzog, Klaus"]
[Result "0-1"]
[WhiteElo "1220"]
[BlackElo "2148"]
[PlyCount "36"]
[EventDate "2013.09.09"]
[EventType "tourn (corr)"]
[EventRounds "6"]
[EventCountry "GER"]
[SourceTitle "Corr 2022"]
[Source "ChessBase"]
[SourceDate "2021.10.24"]
[SourceVersion "1"]
[SourceVersionDate "2021.10.24"]
[SourceQuality "1"]

1. e4 e5 2. Nf3 Nc6 3. Bc4 Bc5 4. Nc3 Nf6 5. d3 h6 6. 0-0 d6 7. Nd5 0-0 8. c3 a6 9. b4 Ba7 10. a3 Nxd5 11. Bxd5 Qf6 12. Bb2 Ne7 13. Bb3 Ng6 14. Bc1 Re8 15. Be3 Nf4 16. Bxa7 Rxa7 17. c4 Bg4 18. h3 Nxh3+ 0-1

[Event "RN-2013-0-00692"]
[Site "LSS email"]
[Date "2013.09.03"]
[Round "?"]
[White "Bester, Kazimierz"]
[Black "Ilkow, Zbigniew"]
[Result "1-0"]
[WhiteElo "713"]
[BlackElo "653"]
[PlyCount "27"]
[EventDate "2013.08.26"]
[EventType "tourn (corr)"]
[EventRounds "6"]
[EventCountry "GER"]
[SourceTitle "Corr 2015"]
[Source "ChessBase"]
[SourceDate "2015.07.17"]
[SourceVersion "1"]
[SourceVersionDate "2015.07.17"]
[SourceQuality "1"]

1. f4 e6 2. Nf3 Nf6 3. e3 h6 4. Be2 d5 5. 0-0 Bd6 6. d4 Nc6 7. Ne5 Bd7 8. c3 Nh7 9. Bh5 Nxe5 10. fxe5 Be7 11. Bxf7+ Kf8 12. Qg4 Ng5 13. Bxe6+ Ke8 14. Qh5+ 1-0